| 000 | 01313nam a2200265 i 4500 | ||
|---|---|---|---|
| 003 | DO-SdBNP | ||
| 005 | 20231002113241.0 | ||
| 007 | ta | ||
| 008 | 110413s2019 dr 000 0 spa d | ||
| 020 | _a9789945807110 | ||
| 040 |
_aDO-SdBNP _bspa _cBNPHU _erda |
||
| 082 |
_bL864m _222 |
||
| 100 |
_aLópez Zorrilla, Hilario _984320 |
||
| 110 | _924020 | ||
| 245 | 1 | 0 |
_aMi macorís reverberante : _bpoema ilustrado sobre la cultura antropológica del municipio de San Pedro de Macoris / _cHilario López Zorrilla |
| 264 |
_aSan Pedro de Macoris, República Domnicana : _bMinisterio de Cultura, _c2019. |
||
| 300 |
_a1 volumen sin paginar : _bilustraciones ; _c29 cm. |
||
| 336 |
_2rdacontent _atexto _btxt |
||
| 337 |
_2rdamedia _asin mediación _bn |
||
| 338 |
_2rdacarrier _avolumen _bnc |
||
| 500 | _aDedicado a los 137 años de vida provincial de San Pedro de Macoris, al 109 aniversario de la fundación del equipo de beisbol estrellas orientales, a los 102 años de la creación de la Cámara de Comercio y Producción de San Pedro de Macoris y a los 49 años de apertura de la Universidad Central del Este (UCE), asi mismo a los 129 años de servicios ininterrumpidos de la biblioteca pública municipal del Ateneo de Macoris, INC. | ||
| 590 | _aInventariado, 2023/ DG | ||
| 910 | _aDG | ||
| 942 |
_2ddc _cLF2 |
||
| 999 |
_c55031 _d55031 |
||